[Event "Muensterland Verbandsliga 1920"]
[Site "Germany"]
[Date "2019.09.28"]
[Round "2.4"]
[White "Schmidt, Ralf"]
[Black "Pohl, Detlev"]
[Result "0-1"]
[WhiteElo "1578"]
[BlackElo "1798"]
[PlyCount "100"]
[EventDate "2019.09.07"]
[EventType "team-tourn"]
[EventRounds "7"]
[EventCountry "GER"]
[SourceTitle "EXT 2023"]
[Source "ChessBase"]
[SourceDate "2022.10.05"]
[SourceVersion "1"]
[SourceVersionDate "2022.10.05"]
[SourceQuality "1"]
[WhiteTeam "Nordwalde"]
[BlackTeam "Telgte"]
[WhiteTeamCountry "GER"]
[BlackTeamCountry "GER"]

1. e4 e6 2. d4 d5 3. Nd2 c5 4. c3 Nc6 5. Ngf3 cxd4 6. cxd4 Nf6 7. e5 Nd7 8. Bb5 f5 9. exf6 Nxf6 10. Ne5 Bd7 11. Bxc6 Bxc6 12. 0-0 Bd6 13. f4 0-0 14. Ndf3 Ne4 15. Nxc6 bxc6 16. Ne5 Bxe5 17. fxe5 Rxf1+ 18. Qxf1 Qb6 19. Qe2 Qxd4+ 20. Be3 Qxe5 21. Rf1 Nf6 22. Qf2 a5 23. Bd4 Qg5 24. Bxf6 gxf6 25. Qc5 Qe5 26. Qxc6 Rf8 27. Qb6 d4 28. Rd1 Qe3+ 29. Kh1 e5 30. Qe6+ Kg7 31. Qg4+ Kh8 32. Qh4 Kg7 33. Qg4+ Qg5 34. Qd7+ Rf7 35. Qd5 a4 36. h3 Rc7 37. Qa5 Rc2 38. Rg1 Rxb2 39. Qxa4 Qg6 40. Qd7+ Kh6 41. a4 Ra2 42. Qb5 d3 43. Qb3 Re2 44. Qc4 Qe4 45. Qf7 Rf2 46. Qf8+ Kh5 47. Qf7+ Qg6 48. g4+ Kh4 49. Qa7 Qe4+ 50. Rg2 Qxg2# 0-1

[Event "Benidorm op U2300 13th"]
[Site "Benidorm"]
[Date "2014.12.01"]
[Round "4"]
[White "Schmidt, Ralf"]
[Black "Olhovik, Andrei"]
[Result "0-1"]
[WhiteElo "2119"]
[BlackElo "2270"]
[PlyCount "90"]
[EventDate "2014.11.28"]
[EventType "swiss"]
[EventRounds "10"]
[EventCountry "ESP"]
[SourceTitle "CBM 163 Extra"]
[Source "ChessBase"]
[SourceDate "2014.12.23"]
[SourceVersion "1"]
[SourceVersionDate "2014.12.23"]
[SourceQuality "1"]

1. e4 c5 2. d3 Nc6 3. g3 Nf6 4. Bg2 d5 5. Nd2 e5 6. exd5 Nxd5 7. Ngf3 Be7 8. Nc4 f6 9. 0-0 0-0 10. c3 Be6 11. Re1 Nc7 12. Qe2 Qd7 13. Nfd2 Rfd8 14. Be4 Bf8 15. a4 Rab8 16. Ne3 b6 17. Ndc4 Ne7 18. Bd2 g6 19. f4 exf4 20. gxf4 Bg7 21. Rad1 f5 22. Bf3 Qxd3 23. Qg2 Qd7 24. a5 b5 25. Bc1 Qe8 26. Nd6 Qf8 27. Nb7 Rxd1 28. Rxd1 c4 29. a6 Nxa6 30. Rd6 Nc7 31. Qd2 Re8 32. Nd8 Nc8 33. Nxe6 Nxe6 34. Rd5 Nxf4 35. Rxb5 Nd6 36. Ra5 Nd3 37. Bd5+ Kh8 38. Nxc4 Nxc1 39. Qxc1 Nxc4 40. Bxc4 Bh6 41. Qd1 Qf6 42. Kf1 Be3 43. Bd5 Bb6 44. Rb5 Qh4 45. Qd2 Qa4 0-1

[Event "Benidorm op U2300 13th"]
[Site "Benidorm"]
[Date "2014.11.28"]
[Round "1"]
[White "Schmidt, Ralf"]
[Black "Arias Igual, Alejandro"]
[Result "1-0"]
[WhiteElo "2119"]
[BlackElo "2297"]
[PlyCount "97"]
[EventDate "2014.11.28"]
[EventType "swiss"]
[EventRounds "10"]
[EventCountry "ESP"]
[SourceTitle "CBM 163 Extra"]
[Source "ChessBase"]
[SourceDate "2014.12.23"]
[SourceVersion "1"]
[SourceVersionDate "2014.12.23"]
[SourceQuality "1"]

1. e4 c5 2. d3 Nc6 3. g3 e6 4. Bg2 d5 5. Nd2 Nf6 6. Ngf3 Be7 7. 0-0 0-0 8. Re1 Qc7 9. Qe2 b5 10. e5 Nd7 11. h4 f6 12. exf6 Nxf6 13. Bh3 e5 14. Bxc8 Raxc8 15. Nxe5 Nd4 16. Qd1 Bd6 17. f4 Nf5 18. Kh2 Bxe5 19. Rxe5 Qd7 20. Nf1 Nxh4 21. gxh4 Ng4+ 22. Kg2 Nxe5 23. fxe5 Rc6 24. Ng3 Qe7 25. Qh5 Rg6 26. Bd2 d4 27. Re1 Qe6 28. b3 c4 29. Re4 cxd3 30. cxd3 h6 31. Qe2 Qd5 32. h5 Ra6 33. Bb4 Rf4 34. Bd6 Rc6 35. Qd2 Rxe4 36. Nxe4 Qf7 37. Ng3 Rc3 38. Ne4 Rc6 39. Ng3 Rc3 40. Bb4 Rc6 41. Qe2 g5 42. Ne4 Qf5 43. Bd6 Rc1 44. Qf2 Qg4+ 45. Ng3 Qe6 46. Qf8+ Kh7 47. Qf5+ Qxf5 48. Nxf5 Re1 49. Kf2 1-0

[Event "Lugano op 18th"]
[Site "Lugano"]
[Date "2013.11.02"]
[Round "5"]
[White "Schmidt, Ralf"]
[Black "Mihajlov, Sebastian"]
[Result "0-1"]
[WhiteElo "2128"]
[BlackElo "2194"]
[PlyCount "80"]
[EventDate "2013.10.31"]
[EventType "swiss"]
[EventRounds "7"]
[EventCountry "SUI"]
[SourceTitle "EXT 2014"]
[Source "ChessBase"]
[SourceDate "2013.11.20"]
[SourceVersion "1"]
[SourceVersionDate "2013.11.20"]
[SourceQuality "1"]

1. Nf3 d5 2. g3 Nf6 3. Bg2 c5 4. 0-0 Nc6 5. d3 Bg4 6. Nbd2 e6 7. Re1 Be7 8. e4 0-0 9. c3 Rc8 10. a3 Qb6 11. h3 Bh5 12. b4 a5 13. bxa5 Qxa5 14. Bb2 Rfd8 15. Qb3 Qa6 16. g4 Bg6 17. c4 d4 18. a4 Ne8 19. Nf1 h5 20. g5 Nc7 21. Ng3 Bd6 22. e5 Be7 23. Bc1 Nb4 24. Rd1 Rb8 25. Bf4 Na8 26. Nh4 Bh7 27. Nxh5 Nb6 28. a5 Nc8 29. Ng3 Na7 30. Ra4 Nac6 31. Be4 Bxe4 32. Nxe4 Nxa5 33. Qa3 Ra8 34. Qc1 Qc6 35. Nf6+ Bxf6 36. Rxa5 Rxa5 37. gxf6 Rda8 38. Bg5 Nxd3 39. Qd2 Nxe5 40. Qf4 Ra1 0-1

[Event "Gibraltar Masters 10th"]
[Site "Caleta"]
[Date "2012.01.29"]
[Round "6"]
[White "Schmidt, Ralf"]
[Black "Reppen, Ellisiv"]
[Result "1/2-1/2"]
[WhiteElo "2156"]
[BlackElo "1948"]
[PlyCount "134"]
[EventDate "2012.01.24"]
[EventType "swiss"]
[EventRounds "10"]
[EventCountry "GGB"]
[SourceTitle "CBM 147"]
[Source "ChessBase"]
[SourceDate "2012.03.16"]
[SourceVersion "1"]
[SourceVersionDate "2012.03.16"]
[SourceQuality "1"]

1. e4 e5 2. d4 exd4 3. Qxd4 Nc6 4. Qe3 Nf6 5. Nc3 Bb4 6. Bd2 0-0 7. 0-0-0 Re8 8. Qg3 Bxc3 9. Bxc3 Rxe4 10. Bd3 Re8 11. Nf3 d6 12. Rde1 Rxe1+ 13. Rxe1 Bd7 14. Ng5 Ne5 15. Bxe5 dxe5 16. Bc4 Be8 17. Qxe5 h6 18. Rd1 Qb8 19. Ne4 Nxe4 20. Qxe4 c6 21. h4 Qc7 22. Bd3 g6 23. Bc4 Kh7 24. h5 Rd8 25. hxg6+ fxg6 26. Rxd8 Qxd8 27. Qe6 Bd7 28. Qf7+ Kh8 29. Qxg6 Qg5+ 30. Qxg5 hxg5 31. b4 Kg7 32. Kd2 Kf6 33. Ke3 Ke5 34. f3 Bf5 35. Bb3 b6 36. g3 c5 37. c3 a5 38. f4+ gxf4+ 39. gxf4+ Kd6 40. b5 Ke7 41. Bd5 Kd6 42. Bc4 Ke7 43. a3 Kf6 44. Bd5 Bd7 45. Bc6 Bf5 46. Kf3 Bd3 47. Kg3 Bf5 48. Kf3 Bd3 49. Ke3 Bf5 50. Be4 Bd7 51. Bd3 Be6 52. Kf3 Bd5+ 53. Kg4 Be6+ 54. f5 Bd5 55. Kf4 Bb7 56. Bc4 Bc8 57. Be6 Bb7 58. Bd7 Bd5 59. Bc6 Bb3 60. Ke4 Bc4 61. Bd7 Bb3 62. Be6 Bxe6 63. fxe6 Kxe6 64. a4 Kd6 65. c4 Ke6 66. Kf4 Kf6 67. Ke4 Ke6 1/2-1/2

[Event "Basel Hilton op 14th"]
[Site "Basel"]
[Date "2012.01.05"]
[Round "7"]
[White "Schmidt, Ralf"]
[Black "Alfred, Nathan"]
[Result "0-1"]
[WhiteElo "2156"]
[BlackElo "2288"]
[PlyCount "50"]
[EventDate "2012.01.01"]
[EventType "swiss"]
[EventRounds "7"]
[EventCountry "SUI"]
[SourceTitle "CBM 146 Extra"]
[Source "ChessBase"]
[SourceDate "2012.02.29"]
[SourceVersion "1"]
[SourceVersionDate "2012.02.29"]
[SourceQuality "1"]

1. d4 Nf6 2. c4 c5 3. e3 g6 4. Nf3 Bg7 5. Nc3 0-0 6. Be2 Na6 7. 0-0 d6 8. a3 Bf5 9. Nh4 Bd7 10. Rb1 Rb8 11. b4 b6 12. Nb5 cxd4 13. Nxa7 Ne4 14. Bb2 Nc3 15. Bxc3 dxc3 16. Nb5 Bxb5 17. cxb5 Nc7 18. Qb3 Rc8 19. Rbc1 e5 20. Nf3 e4 21. Ne1 Qg5 22. a4 d5 23. Nc2 Ne6 24. f3 d4 25. exd4 Nf4 0-1

[Event "Basel Hilton op 14th"]
[Site "Basel"]
[Date "2012.01.03"]
[Round "4"]
[White "Schmidt, Ralf"]
[Black "Lutz, Bernhard"]
[Result "1/2-1/2"]
[WhiteElo "2156"]
[BlackElo "2321"]
[PlyCount "70"]
[EventDate "2012.01.01"]
[EventType "swiss"]
[EventRounds "7"]
[EventCountry "SUI"]
[SourceTitle "CBM 146 Extra"]
[Source "ChessBase"]
[SourceDate "2012.02.29"]
[SourceVersion "1"]
[SourceVersionDate "2012.02.29"]
[SourceQuality "1"]

1. e4 e6 2. d4 d5 3. e5 c5 4. c3 Qb6 5. Nf3 Nc6 6. a3 c4 7. g3 Na5 8. Nbd2 Bd7 9. Bh3 Ne7 10. 0-0 h6 11. Ne1 0-0-0 12. Ng2 Kb8 13. f4 h5 14. Qc2 Nf5 15. Bxf5 exf5 16. Ne3 Qe6 17. Nf3 Be7 18. h4 Nb3 19. Rb1 g6 20. Nd1 Ba4 21. Qe2 Nxc1 22. Rxc1 Bxd1 23. Rfxd1 Qb6 24. Re1 Rhe8 25. Qd2 Qe6 26. Re2 Rc8 27. Qc2 Rc6 28. Qd1 Rb6 29. Rec2 Rc8 30. Qf1 Rbc6 31. Qg2 Kc7 32. Nd2 Rd8 33. Nf1 b5 34. Ne3 a5 35. Kf2 Rd7 1/2-1/2

[Event "Syre Memorial op 34th"]
[Site "Issy les Moulineaux"]
[Date "2011.06.04"]
[Round "4"]
[White "Schmidt, Ralf"]
[Black "Rodriguez, Adrien"]
[Result "1/2-1/2"]
[WhiteElo "2126"]
[BlackElo "1884"]
[PlyCount "28"]
[EventDate "2011.06.03"]
[EventType "swiss"]
[EventRounds "6"]
[EventCountry "FRA"]
[SourceTitle "EXT 2012"]
[Source "ChessBase"]
[SourceDate "2011.11.24"]
[SourceVersion "1"]
[SourceVersionDate "2011.11.24"]
[SourceQuality "1"]

1. e4 c5 2. d3 d6 3. g3 Nc6 4. Bg2 g6 5. Nc3 Bg7 6. Be3 e5 7. f4 Nge7 8. Nge2 0-0 9. 0-0 Nd4 10. fxe5 dxe5 11. Qd2 f5 12. Rac1 Be6 13. Bg5 Qd7 14. Kh1 Rae8 1/2-1/2

[Event "Paradiso op 6th"]
[Site "Paradiso"]
[Date "2011.05.14"]
[Round "3"]
[White "Schmidt, Ralf"]
[Black "Schneider, Antonio"]
[Result "1-0"]
[WhiteElo "2126"]
[BlackElo "1984"]
[PlyCount "89"]
[EventDate "2011.05.13"]
[EventType "swiss"]
[EventRounds "5"]
[EventCountry "SUI"]
[SourceTitle "CBM 142 Extra"]
[Source "ChessBase"]
[SourceDate "2011.06.27"]
[SourceVersion "1"]
[SourceVersionDate "2011.06.27"]
[SourceQuality "1"]

1. e4 g6 2. d4 Bg7 3. Be3 d6 4. Qd2 Nc6 5. Ne2 e5 6. c4 Nf6 7. f3 0-0 8. d5 Ne7 9. g4 Bxg4 10. fxg4 Nxg4 11. Bh3 Nxe3 12. Qxe3 f5 13. Nbc3 f4 14. Qf3 c6 15. 0-0-0 cxd5 16. cxd5 Kh8 17. Ng1 a6 18. Be6 b5 19. h4 Ng8 20. Nh3 Bf6 21. h5 g5 22. h6 Qc7 23. Kb1 Nxh6 24. Qh5 Qg7 25. Rdg1 Nf7 26. Bxf7 Qxf7 27. Nxg5 Qxh5 28. Rxh5 Bxg5 29. Rhxg5 Rg8 30. Kc2 Rxg5 31. Rxg5 Rg8 32. Rxg8+ Kxg8 33. Kd2 Kf7 34. Ke2 Kf6 35. Kf3 Kg5 36. b4 h5 37. Nd1 Kh4 38. Nf2 Kg5 39. Nh3+ Kf6 40. Kg2 Kg6 41. Ng1 Kg5 42. Nf3+ Kf6 43. Kh3 Kg6 44. Kh4 Kh6 45. Nxe5 1-0

[Event "GER OS-157 email"]
[Site "GER email"]
[Date "2011.02.16"]
[Round "?"]
[White "Schmidt, Ralf"]
[Black "Schelberg, Martin"]
[Result "1-0"]
[WhiteElo "1705"]
[BlackElo "1392"]
[PlyCount "59"]
[EventDate "2011.02.22"]
[EventType "tourn (corr)"]
[EventRounds "6"]
[EventCountry "GER"]
[SourceTitle "Corr 2013"]
[Source "ChessBase"]
[SourceDate "2012.11.12"]
[SourceVersion "1"]
[SourceVersionDate "2012.11.12"]
[SourceQuality "1"]

1. e4 e5 2. f4 exf4 3. Nf3 Be7 4. Bc4 Bh4+ 5. g3 fxg3 6. 0-0 gxh2+ 7. Kh1 Nh6 8. d4 d5 9. Bxd5 c6 10. Bb3 Bh3 11. Bxh6 Bxf1 12. Qxf1 0-0 13. Qg2 Qf6 14. Be3 Qd8 15. Qg4 Be7 16. Bh6 g6 17. Nc3 Nd7 18. e5 Kh8 19. Bxf8 Nxf8 20. Bxf7 Rc8 21. Rf1 Rc7 22. Bb3 h5 23. Qf4 Nh7 24. Qf7 Bc5 25. Qxg6 Rg7 26. Qxh5 Bxd4 27. Ne4 Be3 28. Nf6 Qe7 29. Rd1 Bf4 30. Nh4 1-0

[Event "GER OL-261 email"]
[Site "GER email"]
[Date "2011.??.??"]
[Round "?"]
[White "Schmidt, Ralf"]
[Black "Wich, Manfred"]
[Result "1/2-1/2"]
[WhiteElo "1640"]
[BlackElo "1640"]
[PlyCount "97"]
[EventDate "2011.??.??"]
[EventType "tourn (corr)"]
[EventRounds "6"]
[EventCountry "GER"]
[SourceTitle "Corr 2015"]
[Source "ChessBase"]
[SourceDate "2015.07.17"]
[SourceVersion "1"]
[SourceVersionDate "2015.07.17"]
[SourceQuality "1"]
[WhiteTeam "Germany"]
[BlackTeam "Germany"]
[WhiteTeamCountry "GER"]
[BlackTeamCountry "GER"]

1. e4 c5 2. Nf3 d6 3. d4 cxd4 4. Nxd4 Nf6 5. Nc3 a6 6. Rg1 e5 7. Nb3 Be6 8. g4 d5 9. exd5 Nxd5 10. Nxd5 Qxd5 11. Be3 Nc6 12. Qxd5 Bxd5 13. 0-0-0 0-0-0 14. Bb6 Rd6 15. c4 Be4 16. a3 Rxd1+ 17. Kxd1 Bd6 18. Nd2 Bg6 19. h4 h5 20. Be2 hxg4 21. Bxg4+ f5 22. Be2 Rh6 23. Be3 f4 24. Bb6 Bf8 25. Bf3 Bd3 26. h5 Kd7 27. Bg4+ Ke8 28. c5 Be7 29. Bf3 Kf8 30. Rh1 a5 31. b3 Bf5 32. Bd5 Bg4+ 33. Ke1 Rxh5 34. Rxh5 Bxh5 35. Nc4 Bf7 36. Bxc6 Bxc4 37. Bxb7 Bxb3 38. c6 Bd5 39. Ba8 a4 40. c7 Be6 41. Bb7 Bxa3 42. c8Q+ Bxc8 43. Bxc8 Kf7 44. Bb7 g5 45. Ke2 Be7 46. Kf3 Kf6 47. Ke4 g4 48. Bc7 Bc5 49. Bxe5+ 1/2-1/2